Geography Quiz

Random Geography or City Quiz

Largest Maine Cities Quiz Stats

 Plays Quiz not verified by Sporcle

Challenge
Share
Tweet
Embed
Score 0/20 Timer 06:00
0 Plays Today
Rank City % Correct
1Portland
96.1%
3Bangor
89.3%
11Augusta
88.3%
4South Portland
77.7%
2Lewiston
72.8%
5Auburn
64.1%
10Saco
62.1%
6Biddeford
58.3%
8Brunswick
56.3%
15Waterville
56.3%
Rank City % Correct
18Kennebunk
55.3%
16York
49.5%
7Sanford
47.6%
12Westbrook
46.6%
9Scarborough
44.7%
19Orono
43.7%
17Falmouth
37.9%
14Gorham
36.9%
13Windham
29.1%
20Standish
21.4%

You're not logged in!

Compare scores with friends on all Sporcle quizzes.
OR
Log In

You Might Also Like...

Show Comments

Extras

Top Quizzes Today


Score Distribution

Your Account Isn't Verified!

In order to create a playlist on Sporcle, you need to verify the email address you used during registration. Go to your Sporcle Settings to finish the process.

Report this User

Report this user for behavior that violates our Community Guidelines.

Details: